| 000 | 00692nam a2200181 i 4500 | ||
|---|---|---|---|
| 001 | 28075 | ||
| 003 | ES-MaACL | ||
| 005 | 20250927140836.0 | ||
| 007 | t| | ||
| 008 | 030116s1891 sp ||||1| spa d | ||
| 100 | 1 |
_aAzedo de la Berrueza, Gabriel. _924283 |
|
| 245 | 1 | 0 |
_aAmenidades, florestas y recreos de la provincia de la Vera, alta y baja en la Extremadura / _cpor Gabriel Azedo de la Berrueza ; publicadas nuevamente por Juan Pérez de Guzmán y Boza. |
| 260 |
_aSevilla : _b[s.n., _c1891] ( _fE. Rasco) |
||
| 300 |
_a137 p. ; _c23 cm. |
||
| 700 | 1 |
_aPérez de Guzmán y Boza, Juan, _cDuque de T'Serclaes, _d1852-1934 _990776 |
|
| 852 |
_aES-MaACL _jG-1710 |
||
| 999 |
_c28075 _d28075 |
||